Ibn khaldun : the birth of the history and the past of the third world
Αποθηκεύτηκε σε:
| Κύριος συγγραφέας: | |
|---|---|
| Μορφή: | Βιβλίο |
| Γλώσσα: | English |
| Δημοσίευση: |
London :
Verso,
c1984
|
| Θέματα: | |
| Ετικέτες: |
Προσθήκη ετικέτας
Δεν υπάρχουν, Καταχωρήστε ετικέτα πρώτοι!
|
MARC
| LEADER | 00000nam a2200000 i 4500 | ||
|---|---|---|---|
| 001 | 1/15781 | ||
| 008 | 980713s1984 eng d | ||
| 020 | |a 0-86091-789-4 | ||
| 035 | |l 10019961 | ||
| 040 | |a GR-MY-UA |b gre |e aacr | ||
| 041 | 0 | |a eng | |
| 082 | 0 | |a 907.2024 | |
| 100 | 1 | |a Lacoste, Yves. | |
| 245 | 1 | 0 | |a Ibn khaldun : |b the birth of the history and the past of the third world / |c Yves Lacoste |
| 260 | |a London : |b Verso, |c c1984 | ||
| 300 | |a 214 p. | ||
| 504 | |a Includes index | ||
| 600 | 1 | 0 | |a Ibn Khaldun |d 1332-1406. |
| 650 | 0 | 0 | |a Historiography |x History. |
| 852 | |a INST |b LESVOS |e 19980713 |h 907.2024 LAC |p 005100013791 |q 005100013791 |t BK |y 0 | ||
| 901 | |a BIBL-1998-2 | ||
| 909 | |a Λ |b 033819 | ||
| 922 | |a 1ΔΩΡ |b 199312 |c ΤΚΑ | ||